My daughter's wedding / (Record no. 113290)

MARC details
000 -LEADER
campo de control de longitud fija 00530nam a2200193 4500
001 - NÚMERO DE CONTROL
campo de control 113290
003 - IDENTIFICADOR DE NÚMERO DE CONTROL
campo de control ES-MaACL
005 - FECHA Y HORA DE LA ÚLTIMA TRANSACCIÓN
campo de control 20230906185831.0
007 - CAMPO FIJO DE DESCRIPCIÓN FÍSICA--INFORMACIÓN GENERAL
campo de control de longitud fija t|
008 - DATOS DE LONGITUD FIJA--INFORMACIÓN GENERAL
campo de control de longitud fija 061121s1960 sp r ||||1| eng d
100 1# - ENTRADA PRINCIPAL--NOMBRE DE PERSONA
Nombre de persona Nyham, Marcel.
9 (RLIN) 86261
245 10 - MENCIÓN DEL TÍTULO
Título My daughter's wedding /
Mención de responsabilidad, etc. by Carmel Nyham.
260 ## - PUBLICACIÓN, DISTRIBUCIÓN, ETC.
Lugar de publicación, distribución, etc. Madrid :
Nombre del editor, distribuidor, etc. Alhambra,
Fecha de publicación, distribución, etc. 1960.
300 ## - DESCRIPCIÓN FÍSICA
Extensión 32 p. ;
Dimensiones 16 cm.
490 1# - MENCIÓN DE SERIE
Mención de serie Graded Readers ;
Designación de volumen o secuencia 11
830 0# - PUNTO DE ACCESO ADICIONAL DE SERIE-TÍTULO UNIFORME
Título uniforme Graded Readers ;
Designación de volumen o secuencia 11
9 (RLIN) 233181
852 ## - LOCALIZACIÓN
Ubicación ES-MaACL
Número de control de estantería 2004-F-25
Sublocalización o colección R.49146
Holdings
Estatus retirado Estado de pérdida Estado de daño No para préstamo Colección Biblioteca de origen Biblioteca actual Ubicación en estantería Fecha de adquisición Fuente de adquisición Total de préstamos Signatura topográfica completa Código de barras Visto por última vez Precio de reemplazo Tipo de ítem Koha
        Colección de folletos Biblioteca del Ateneo de Madrid Biblioteca del Ateneo de Madrid Depósito folletos 17/01/2008     2004-F-25 1118164 23/02/2023 23/02/2023 Folleto